[Event "Corbins Lleida Nadal op"]
[Site "Corbins"]
[Date "2023.12.29"]
[Round "6"]
[White "Perez Cabas, Jose"]
[Black "Mir Carnice, Jordi"]
[Result "1-0"]
[WhiteElo "1946"]
[BlackElo "1837"]
[PlyCount "55"]
[EventDate "2023.12.27"]
[EventType "swiss"]
[EventRounds "8"]
[EventCountry "ESP"]
[SourceTitle "CB02_2024"]
[SourceDate "2024.01.10"]
[SourceVersion "1"]
[SourceVersionDate "2024.01.10"]
[SourceQuality "1"]

1. e4 e5 2. Nf3 d6 3. c3 Nf6 4. Bd3 Nbd7 5. Bc2 Nc5 6. 0-0 Bg4 7. Re1 Be7 8. d4 exd4 9. cxd4 Ne6 10. Ba4+ c6 11. d5 Bxf3 12. gxf3 b5 13. dxe6 bxa4 14. exf7+ Kxf7 15. Qxa4 Nd7 16. Qc4+ Kf8 17. f4 Qa5 18. Nd2 Qc5 19. Qe6 Bh4 20. Rf1 Nb6 21. Nb3 Qh5 22. Qxd6+ Kf7 23. f3 Rad8 24. Qe5 g5 25. Be3 Rhg8 26. Qf5+ Kg7 27. fxg5 Rdf8 28. Bd4+ 1-0

[Event "Catalunya-chT Gp2"]
[Site "Barcelona"]
[Date "2022.03.19"]
[Round "9.4"]
[White "Perez Cabas, Jose"]
[Black "Draghici Flutur, Gavril"]
[Result "0-1"]
[WhiteElo "2051"]
[BlackElo "2114"]
[PlyCount "66"]
[EventDate "2022.01.22"]
[EventType "team-tourn"]
[EventRounds "9"]
[EventCountry "ESP"]
[SourceTitle "CBM 208 Extra"]
[Source "ChessBase"]
[SourceDate "2022.07.31"]
[SourceVersion "1"]
[SourceVersionDate "2022.07.31"]
[SourceQuality "1"]
[WhiteTeam "Lleida"]
[BlackTeam "Salauris"]
[WhiteTeamCountry "ESP"]
[BlackTeamCountry "ESP"]

1. e4 c5 2. Nf3 d6 3. d4 cxd4 4. Nxd4 Nf6 5. Nc3 Nc6 6. Be3 e5 7. Nb3 Be7 8. f3 0-0 9. Qd2 a5 10. Bb5 Be6 11. 0-0-0 Na7 12. Be2 Nc6 13. Kb1 a4 14. Nc1 a3 15. b3 Nb4 16. Nd3 d5 17. Nxe5 Qb8 18. Nd3 Rc8 19. Rc1 dxe4 20. fxe4 Nxd3 21. cxd3 Bb4 22. Bd4 Qc7 23. Qg5 h6 24. Qe3 Qa5 25. Na4 Bd2 26. Qg3 Bxc1 27. Bxf6 Bg5 28. Bxg5 hxg5 29. Qe1 Qe5 30. Qd2 Qd4 31. Rc1 Rxc1+ 32. Qxc1 Rc8 33. Qxa3 Qg1+ 0-1

[Event "Catalunya-chT Gp2"]
[Site "Barcelona"]
[Date "2022.03.12"]
[Round "8.4"]
[White "Aranda Flores, Jordi"]
[Black "Perez Cabas, Jose"]
[Result "0-1"]
[WhiteElo "2132"]
[BlackElo "2051"]
[PlyCount "94"]
[EventDate "2022.01.22"]
[EventType "team-tourn"]
[EventRounds "9"]
[EventCountry "ESP"]
[SourceTitle "CBM 208 Extra"]
[Source "ChessBase"]
[SourceDate "2022.07.31"]
[SourceVersion "1"]
[SourceVersionDate "2022.07.31"]
[SourceQuality "1"]
[WhiteTeam "Tres Peons"]
[BlackTeam "Lleida"]
[WhiteTeamCountry "ESP"]
[BlackTeamCountry "ESP"]

1. Nf3 Nf6 2. b3 d5 3. Bb2 c5 4. e3 Bg4 5. h3 Bh5 6. g4 Bg6 7. Ne5 Nbd7 8. Nxg6 fxg6 9. Bg2 Nb6 10. d3 Qc7 11. c4 e6 12. g5 Ng8 13. a4 Rd8 14. a5 Nc8 15. Qg4 Qd7 16. 0-0 h6 17. Nc3 Nce7 18. a6 hxg5 19. axb7 Nf6 20. Qg3 Qxb7 21. Nb5 Nc6 22. Qxg5 Kf7 23. Qg3 Rd7 24. Bxf6 gxf6 25. cxd5 exd5 26. Nc3 Qxb3 27. Rfc1 Nb4 28. Qg4 f5 29. Qe2 d4 30. Rab1 Qe6 31. Nd1 dxe3 32. Nxe3 f4 33. Qf3 Nxd3 34. Rd1 c4 35. Bf1 Bc5 36. Nxc4 Bxf2+ 37. Kh1 Bg3 38. Rxd3 Rxd3 39. Qxd3 Rxh3+ 40. Kg2 Qc6+ 41. Qf3 Rh2+ 42. Kg1 Qc5+ 43. Ne3 Qxe3+ 44. Qxe3 fxe3 45. Bc4+ Kf6 46. Rb7 Rc2 47. Ba6 e2 0-1

[Event "Catalunya-chT Gp2"]
[Site "Barcelona"]
[Date "2022.01.22"]
[Round "1.5"]
[White "Perez Cabas, Jose"]
[Black "Vehi Bach, Victor Manuel"]
[Result "0-1"]
[WhiteElo "2051"]
[BlackElo "2294"]
[PlyCount "54"]
[EventDate "2022.01.22"]
[EventType "team-tourn"]
[EventRounds "9"]
[EventCountry "ESP"]
[SourceTitle "CBM 206 Extra"]
[Source "ChessBase"]
[SourceDate "2022.03.31"]
[SourceVersion "1"]
[SourceVersionDate "2022.03.31"]
[SourceQuality "1"]
[WhiteTeam "Lleida"]
[BlackTeam "Valls"]
[WhiteTeamCountry "ESP"]
[BlackTeamCountry "ESP"]

1. e4 c5 2. Nf3 e6 3. c3 Nf6 4. e5 Nd5 5. c4 Ne7 6. d4 cxd4 7. Qxd4 Nbc6 8. Qf4 Ng6 9. Qg3 Ncxe5 10. Nd4 Bc5 11. Nb3 Be7 12. Be2 b6 13. 0-0 Ba6 14. N3d2 d5 15. Qb3 0-0 16. f4 Nxc4 17. Nxc4 dxc4 18. Qa4 Qc8 19. Nc3 b5 20. Qc2 Bb7 21. Ne4 Qc6 22. Bf3 Qb6+ 23. Kh1 Nh4 24. Nd2 Rad8 25. Bxb7 Qxb7 26. Nf3 Nxf3 27. Rxf3 Qe4 0-1

[Event "Lleida Province-ch"]
[Site "Lleida"]
[Date "2012.11.11"]
[Round "7"]
[White "Perez Cabas, Jose"]
[Black "Martinez Lopez, Ivan"]
[Result "0-1"]
[WhiteElo "2033"]
[BlackElo "2284"]
[PlyCount "100"]
[EventDate "2012.10.07"]
[EventType "swiss"]
[EventRounds "9"]
[EventCountry "ESP"]
[SourceTitle "EXT 2015"]
[Source "ChessBase"]
[SourceDate "2014.11.20"]
[SourceVersion "1"]
[SourceVersionDate "2014.11.20"]
[SourceQuality "1"]

1. e4 e5 2. Nf3 Nc6 3. Bb5 Nd4 4. Nxd4 exd4 5. 0-0 Bc5 6. Bc4 d6 7. d3 Nf6 8. Bg5 h6 9. Bh4 g5 10. Bg3 Ng4 11. h3 Ne5 12. Nd2 Nxc4 13. dxc4 Be6 14. a3 a5 15. Qe2 f6 16. Rfd1 h5 17. Nb3 h4 18. Bh2 g4 19. hxg4 Qd7 20. Nxc5 dxc5 21. f3 h3 22. gxh3 Rxh3 23. Kg2 Qh7 24. Rh1 0-0-0 25. Bg3 Rh8 26. Rxh3 Qxh3+ 27. Kf2 Qh7 28. b3 Qf7 29. Qd2 b6 30. a4 Kb7 31. Qf4 Rh7 32. Rg1 Qd7 33. Rg2 d3 34. cxd3 Qxd3 35. Rh2 Rd7 36. Qe3 Qc2+ 37. Kg1 Rd1+ 38. Be1 Qb1 39. Re2 Rd3 40. Qf4 Qxb3 41. Bg3 Rd7 42. Rd2 Rxd2 43. Qxd2 Qxf3 44. Qf4 Qxf4 45. Bxf4 Bxg4 46. Kf2 Be6 47. Ke3 Bxc4 48. Bh6 Be6 49. Bg7 f5 50. e5 Kc6 0-1

[Event "Vallfogona de Lleida op"]
[Site "Vallfogona de Balaguer"]
[Date "2012.06.08"]
[Round "8"]
[White "Roig Olivart, Angel"]
[Black "Perez Cabas, Jose"]
[Result "0-1"]
[WhiteElo "1961"]
[BlackElo "1983"]
[PlyCount "160"]
[EventDate "2012.04.20"]
[EventType "swiss"]
[EventRounds "8"]
[EventCountry "ESP"]
[SourceTitle "EXT 2015"]
[Source "ChessBase"]
[SourceDate "2014.11.20"]
[SourceVersion "1"]
[SourceVersionDate "2014.11.20"]
[SourceQuality "1"]

1. c4 c5 2. Nc3 b6 3. Nf3 Bb7 4. e3 Nf6 5. d4 cxd4 6. exd4 d5 7. b3 g6 8. Be2 Bg7 9. 0-0 0-0 10. Ne5 Nc6 11. Be3 Rc8 12. f4 Ne4 13. Nxd5 e6 14. Nxc6 Rxc6 15. Nb4 Rd6 16. Nc2 Nc3 17. Qe1 Nxe2+ 18. Qxe2 Be4 19. Rad1 Bxc2 20. Qxc2 Bxd4 21. Rxd4 Rxd4 22. Bxd4 Qxd4+ 23. Qf2 Rd8 24. Qxd4 Rxd4 25. g3 Kf8 26. Kg2 Ke7 27. Kf3 Kd6 28. Ke3 Kc5 29. Rc1 Rd7 30. a3 a5 31. h4 f6 32. h5 gxh5 33. Rh1 a4 34. Rxh5+ f5 35. bxa4 Kxc4 36. Rh1 Rd3+ 37. Kf2 Rxa3 38. Rb1 Kc5 39. Rb5+ Kc6 40. Rb4 h5 41. Kg2 Re3 42. Rc4+ Kd5 43. Rb4 Kc5 44. Rb5+ Kc6 45. Rb1 Re4 46. Ra1 h4 47. gxh4 Rxf4 48. h5 Rh4 49. Rh1 Rxa4 50. h6 Ra8 51. h7 Rh8 52. Kf3 e5 53. Rh5 Kd5 54. Ke3 f4+ 55. Kd3 b5 56. Kc3 Ke4 57. Rh3 f3 58. Kd2 Kf4 59. Rh5 b4 60. Rh4+ Kg3 61. Rxb4 Rxh7 62. Ke3 f2 63. Ke2 Rf7 64. Kf1 Rf4 65. Rb3+ Kg4 66. Rb2 Kf5 67. Re2 Rf3 68. Ra2 Kg4 69. Ra1 Rf4 70. Ra3 Rf6 71. Re3 Rf5 72. Re2 Kg5 73. Re4 Kh5 74. Ra4 Kg6 75. Ra2 Kg5 76. Ra4 Rf3 77. Re4 Kf5 78. Re2 Kf4 79. Rxf2 Ke3 80. Rxf3+ Kxf3 0-1

[Event "Vallfogona de Lleida op"]
[Site "Vallfogona de Balaguer"]
[Date "2012.05.25"]
[Round "6"]
[White "Vila Carrera, Jose Manuel"]
[Black "Perez Cabas, Jose"]
[Result "0-1"]
[WhiteElo "1867"]
[BlackElo "1983"]
[PlyCount "116"]
[EventDate "2012.04.20"]
[EventType "swiss"]
[EventRounds "8"]
[EventCountry "ESP"]
[SourceTitle "EXT 2015"]
[Source "ChessBase"]
[SourceDate "2014.11.20"]
[SourceVersion "1"]
[SourceVersionDate "2014.11.20"]
[SourceQuality "1"]

1. d4 Nf6 2. c4 g6 3. Nc3 Bg7 4. e4 d6 5. Nf3 0-0 6. Be2 e5 7. 0-0 Nc6 8. d5 Ne7 9. b4 Nd7 10. Re1 f5 11. Ng5 Nf6 12. Ne6 Bxe6 13. dxe6 Nxe4 14. Nxe4 fxe4 15. Bg5 Bf6 16. Bh6 Re8 17. Bg4 c6 18. Rxe4 d5 19. cxd5 cxd5 20. Re3 Nc6 21. Qf3 Nd4 22. Qh3 Qd6 23. Rc1 Nxe6 24. Bxe6+ Qxe6 25. Qxe6+ Rxe6 26. Rc7 Rc6 27. Rc3 Rxc3 28. Rxc3 Re8 29. Kf1 Kf7 30. Ke2 Ke6 31. a4 e4 32. Rc7 Re7 33. Rc8 d4 34. Kd2 Be5 35. g3 Rf7 36. Ke2 d3+ 37. Ke3 d2 38. Rd8 Bd6 39. Kxd2 Rxf2+ 40. Ke3 Rxh2 41. Bf4 Bxf4+ 42. gxf4 Rb2 43. Rd4 Kf5 44. Rd5+ Kf6 45. Rd4 Rb1 46. Kxe4 Re1+ 47. Kf3 h5 48. Rd7 Re7 49. Rd5 Re6 50. a5 Rc6 51. b5 Rc3+ 52. Ke4 Rc4+ 53. Kf3 Ra4 54. Rd6+ Kf5 55. Rd5+ Ke6 56. Rg5 Kf6 57. Rd5 Rxa5 58. Rc5 a6 0-1

[Event "Catalunya-ch U16"]
[Site "Vila Seca"]
[Date "2012.04.03"]
[Round "6"]
[White "Perez Cabas, Jose"]
[Black "Pinsach Gelabert, Alexandre"]
[Result "1-0"]
[WhiteElo "1983"]
[BlackElo "1921"]
[PlyCount "83"]
[EventDate "2012.03.31"]
[EventType "swiss"]
[EventRounds "9"]
[EventCountry "ESP"]
[SourceTitle "EXT 2015"]
[Source "ChessBase"]
[SourceDate "2014.11.20"]
[SourceVersion "1"]
[SourceVersionDate "2014.11.20"]
[SourceQuality "1"]

1. e4 e5 2. Nf3 Nc6 3. Bb5 a6 4. Ba4 Nf6 5. d3 d6 6. c3 g6 7. 0-0 Bg7 8. Re1 0-0 9. Nbd2 b5 10. Bc2 d5 11. Bb3 Re8 12. exd5 Nxd5 13. Ne4 Na5 14. Bg5 Nf6 15. d4 Bb7 16. Bxf6 Bxf6 17. Nxf6+ Qxf6 18. Nxe5 Nxb3 19. axb3 Rad8 20. Qg4 h5 21. Qh3 Bc8 22. Qf3 Qxf3 23. Nxf3 f6 24. Rxe8+ Rxe8 25. Re1 Rxe1+ 26. Nxe1 Be6 27. b4 Bf5 28. f4 Kf7 29. Kf2 Ke6 30. Ke3 Kd5 31. Nd3 Kc4 32. Nc5 Bc8 33. h3 Kd5 34. Kf3 c6 35. b3 f5 36. Kg3 Kd6 37. Kh4 Ke7 38. Kg5 Kf7 39. Kh6 Kf6 40. h4 Kf7 41. Kh7 Kf6 42. Kg8 1-0

[Event "Lleida-ch U16"]
[Site "Vilanova de Segria"]
[Date "2012.01.14"]
[Round "1.1"]
[White "Perez Cabas, Jose"]
[Black "Cabiscol Filella, Ferran"]
[Result "1-0"]
[WhiteElo "1980"]
[BlackElo "1717"]
[PlyCount "45"]
[EventDate "2012.01.14"]
[EventType "swiss"]
[EventRounds "6"]
[EventCountry "ESP"]
[SourceTitle "EXT 2024"]
[Source "ChessBase"]
[SourceDate "2023.10.10"]
[SourceVersion "1"]
[SourceVersionDate "2023.10.10"]
[SourceQuality "1"]

1. e4 e5 2. Nf3 Nc6 3. Bb5 a6 4. Ba4 Nf6 5. d3 Bc5 6. 0-0 b5 7. Bb3 0-0 8. c3 d5 9. exd5 Nxd5 10. a4 b4 11. Re1 Re8 12. d4 exd4 13. Rxe8+ Qxe8 14. Bxd5 Be6 15. Bxe6 Qxe6 16. cxd4 Rd8 17. Be3 h6 18. Nbd2 Nxd4 19. Nxd4 Bxd4 20. Nb3 c5 21. Nxc5 Qc4 22. Rc1 Bxe3 23. Qxd8+ 1-0

[Event "Lleida Province-ch"]
[Site "Lleida"]
[Date "2011.10.12"]
[Round "2"]
[White "Perez Cabas, Jose"]
[Black "Rodon Balcells, Jaume"]
[Result "1-0"]
[WhiteElo "1964"]
[BlackElo "1879"]
[PlyCount "111"]
[EventDate "2011.10.09"]
[EventType "swiss"]
[EventRounds "9"]
[EventCountry "ESP"]
[SourceTitle "EXT 2015"]
[Source "ChessBase"]
[SourceDate "2014.11.20"]
[SourceVersion "1"]
[SourceVersionDate "2014.11.20"]
[SourceQuality "1"]

1. e4 d5 2. exd5 Nf6 3. d4 Nxd5 4. Nf3 Bg4 5. Be2 e6 6. 0-0 Be7 7. c4 Nf6 8. Be3 0-0 9. h3 Bh5 10. Ne5 Bxe2 11. Qxe2 c6 12. Nc3 Nbd7 13. f4 g6 14. Rad1 Nh5 15. Qf3 Qc7 16. Bf2 f5 17. Rfe1 Bb4 18. d5 Bxc3 19. bxc3 exd5 20. cxd5 Rf6 21. Bh4 Rd6 22. Be7 Nxe5 23. fxe5 Rxd5 24. Rxd5 Qxe7 25. Rd6 Re8 26. Qd1 Qg5 27. Qb3+ Kh8 28. Qf7 Qe7 29. Rd7 Qxf7 30. Rxf7 Nf4 31. Rd7 b5 32. Rd6 h5 33. h4 c5 34. g3 Ne6 35. Kf2 c4 36. Rd5 a6 37. a4 bxa4 38. Ra1 Rc8 39. Rxa4 Nc5 40. Ra5 Ne4+ 41. Kf3 Rc6 42. Kg2 Rb6 43. Rd8+ Kg7 44. Ra8 Rb2+ 45. Kf3 Rf2+ 46. Ke3 Rg2 47. R5xa6 Rxg3+ 48. Kd4 Rd3+ 49. Kxc4 Rxc3+ 50. Kd4 Rc7 51. R6a7 Rxa7 52. Rxa7+ Kf8 53. e6 g5 54. hxg5 Nxg5 55. Ke5 f4 56. Kf6 1-0

[Event "Balaguer op 16th "]
[Site "Balaguer"]
[Date "2011.07.21"]
[Round "5"]
[White "Ivanov Markov, Rodoslav"]
[Black "Perez Cabas, Jose"]
[Result "0-1"]
[WhiteElo "1715"]
[BlackElo "1959"]
[PlyCount "58"]
[EventDate "2011.07.17"]
[EventType "swiss"]
[EventRounds "9"]
[EventCountry "ESP"]
[SourceTitle "CBM 143 Extra"]
[Source "ChessBase"]
[SourceDate "2011.08.29"]
[SourceVersion "1"]
[SourceVersionDate "2011.08.29"]
[SourceQuality "1"]

1. e4 c5 2. Nf3 e6 3. d4 cxd4 4. Nxd4 Nc6 5. Nc3 Qc7 6. Be3 Nf6 7. Bd3 a6 8. a3 Ne5 9. h3 Bc5 10. f4 Bxd4 11. Bxd4 Nxd3+ 12. Qxd3 Qxf4 13. Qf3 Qh4+ 14. g3 Qg5 15. Rf1 e5 16. h4 Qg6 17. Bxe5 Ng4 18. Qf5 Qxf5 19. Rxf5 d6 20. Bxd6 Bxf5 21. exf5 Ne3 22. Kf2 Nxf5 23. Bf4 0-0 24. Ne4 Rfe8 25. Nc5 Rac8 26. b4 b6 27. Nxa6 Rxc2+ 28. Kf3 h5 29. Nc7 Nd4# 0-1

[Event "Benidorm New Generation U16 06th"]
[Site "Benidorm"]
[Date "2010.12.08"]
[Round "7"]
[White "Perez Cabas, Jose"]
[Black "Suarez Garcia, Carlos"]
[Result "0-1"]
[WhiteElo "1885"]
[BlackElo "2195"]
[PlyCount "148"]
[EventDate "2010.12.04"]
[EventType "swiss"]
[EventRounds "7"]
[EventCountry "ESP"]
[SourceTitle "EXT 2024"]
[Source "ChessBase"]
[SourceDate "2023.10.10"]
[SourceVersion "1"]
[SourceVersionDate "2023.10.10"]
[SourceQuality "1"]

1. e4 c5 2. Nf3 e6 3. d4 cxd4 4. Nxd4 Nc6 5. Nc3 Qc7 6. Be3 a6 7. Bd3 Nf6 8. 0-0 Ne5 9. h3 Bc5 10. f4 Nc6 11. e5 Nxe5 12. fxe5 Qxe5 13. Kh1 Bxd4 14. Bf4 Qa5 15. Bd2 Qc7 16. Qf3 d5 17. Rae1 0-0 18. Bf4 Qd8 19. Be5 Bxe5 20. Rxe5 Nd7 21. Qh5 f5 22. Rxe6 Nf6 23. Qxf5 Bxe6 24. Qxe6+ Kh8 25. Qf5 Ne4 26. Qe5 Rxf1+ 27. Bxf1 Nxc3 28. Qxc3 Qf6 29. Qxf6 gxf6 30. Bd3 Kg7 31. Kg1 h6 32. Kf2 Kf7 33. Kf3 Ke6 34. Kf4 b5 35. g4 Ra7 36. a3 Rc7 37. Bf5+ Ke7 38. b3 Rc6 39. Kg3 Rc5 40. Bd3 d4 41. Kf4 Re5 42. Be4 a5 43. h4 Kd6 44. Bd3 a4 45. b4 Ke6 46. Be4 h5 47. g5 fxg5+ 48. hxg5 h4 49. Bd3 h3 50. Kg3 Rxg5+ 51. Kxh3 Kd6 52. Kh4 Rg2 53. Kh3 Rg5 54. Kh4 Re5 55. Kg3 Kc6 56. Kf2 Kb6 57. Kf1 Re7 58. Kf2 Re6 59. Kf3 Re1 60. Kf4 Ra1 61. Ke5 Rxa3 62. Kxd4 Ra1 63. Kc3 Rb1 64. Bh7 Kc6 65. Be4+ Kd6 66. Bg6 Ke5 67. Bh7 Kf4 68. Bg6 Ke3 69. Bf7 Kf2 70. Be6 a3 71. Ba2 Rb2 72. Be6 Rb1 73. Bg4 Rxb4 74. Be6 Rb1 0-1